Statistics for Hamilton Songs by Lyrics

Click here to take the quiz!

General Stats

  • This quiz has been taken 714 times
  • The average score is 17 of 22

Answer Stats

HintAnswer% Correct
Our man saw his future drip drippin' down the drainAlexander Hamilton
97%
I am just like my country, I'm young, scrappy and hungryMy Shot
91%
Ev’ryone give it up for America’s favorite fighting Frenchman!Guns and Ships
87%
Look into her eyes and the sky's the limit I'm...Helpless
87%
That depends who's asking?Aaron Burr Sir
86%
A toast to the groom!Satisfied
86%
Death doesn't discriminate, between the sinners and the saintsWait for It
84%
Most disputes die and no one shoots!Ten Duel Commandments
83%
After the war I went back to New YorkNon-Stop
82%
Be careful with that one loveBurn
81%
Every other founding father gets to grow oldWho Lives, Who Dies, Who Tells Your Story
81%
In your tea which you hurled in the seaYou'll be back
80%
I never liked the quiet beforeIt's Quiet Uptown
78%
I'm 'a compel him to include women in the sequelThe Schuyler Sisters
77%
Immigrants, we get the job done!Yorktown
77%
We are a powder keg about to explode!Right Hand Man
72%
Pride is not the word I'm looking forDear Theodosia
71%
Heed not the rebels who scream revolutionFarmer Refuted
71%
It might be nice, it might be nice to get Hamilton on your sideThe Election of 1800
71%
I just got home and now I’m headed up to New YorkWhat'd I Miss?
70%
Go home Alexander, that's an order from your commanderMeet Me Inside
67%
Jefferson’s the runner-up, which makes him the Vice PresidentThe Adams Administration
52%

Score Distribution

Percentile by Number Answered

Percent of People with Each Score

Your Score History

You have not taken this quiz